000 01165nam2a2200313 4500
001 RU\NLR\BIBL_A\022111369
005 20250806202809.0
035 _a(NLR Aleph) 022111369
090 _a64756
_c64756
100 _a20250806 rusy50
101 0 _arus
102 _aRU
135 _acrcn 024anaba
200 0 _a1944, № 39 (5016) (25 февр.)
210 _d1944
325 1 _aКопия доступна в электронной библиотеке РНБ
461 0 _1001RU\NLR\DIGIT\NP\000452
_12001#$aАДЖАРИЯ$v1944, № 39 (5016) (25 февр.)
852 _aNLR
_jР10766
852 _aNLR
_jР2/33
856 0 _uhttps://vivaldi.nlr.ru/ap000098081/view
856 1 _uhttps://vivaldi.nlr.ru/ap000098081/cover
856 2 _uhttps://vivaldi.nlr.ru/ap000098081/text
901 _eГазеты
942 _cISSNP
945 _aРоссийская национальная библиотека
980 _aNB
980 _aBV
981 2 7 _a(27) Периодические издания
_b(27) Газеты